MDQL
is popping MORE tags! Check the
thread
!
Quizzes
Events
Quiz Creation
Community
Videos
Private Events
Remove Ads
Sign In
Join for FREE
Feedback
Dark Mode
Quiz Categories
Sports
Geography
Music
Movies
Television
Just For Fun
Miscellaneous
History
Literature
Language
Science
Gaming
Entertainment
Religion
Holiday
For Kids
Quiz Lab
Recent
Popular Today
Quiz Kudos Today
Editor Picks
Curator Picks
Quizzes by...
Day
Popularity
Type
Ratings
Length
Year
Community
Subscriptions
Recent Discussions
Orange Saloon
Badges
Playlists
Quests
Create
Leaderboards
Showdown
Live 5
Trivia Bingo
Activity
Puzzle Library
Sporcle Events
Private Events
Virtual Trivia
Globe League
Become a Host
Pub Owners
SporcleCon
Opinionation
Our Games
Videos
Blog
Mobile Apps
Partnerships
Remove Ads and Go Orange
Feedback
Sports
Athletes
MLB
NBA
NHL
NFL
Soccer
Sports Teams
WWE
NCAA
Football
Premier League
Basketball
Baseball
Hockey
Golf
Tennis
Cricket
Rugby
Auto Racing
Olympics
World Cup
Sports
Athletes
MLB
NBA
NHL
NFL
Soccer
Sports Teams
WWE
NCAA
Football
Premier League
Basketball
Baseball
Hockey
Golf
Tennis
Cricket
Rugby
Auto Racing
Olympics
World Cup
Random Quiz
Search Sporcle
×
Quiz Lab
Quiz Lab
Sports
Baseball
Type in answers that appear in a list
Type in answers that appear in a list
Classic
Best Score? Go Orange.
1986 NL Opening Day Lineups Stats
Can you name the 1986 NL Opening Day Lineups?
By
pancakes188
14m
108 Questions
2,907 Plays
2,907 Plays
2,907 Plays
Comments
Comments
Give Quiz Kudos
Give Quiz Kudos
-
- Ratings
hide this ad
Replay
Link that replays current quiz
Next Quiz
Link to next quiz in quiz playlist
You Got
0%
They Got
Avg Score
54%
Avg Friend Score
Upgrade to see
Score Distribution
Jump to the score distribution portion of the page
Score
0/108
Timer
14:00
0
Plays Today
Team
Player
% Correct
New York Mets
Gary Carter
93.2%
St. Louis Cardinals
Ozzie Smith
93.2%
Montreal Expos
Bryn Smith
93%
Atlanta Braves
Dale Murphy
91.2%
New York Mets
Keith Hernandez
91%
New York Mets
Darryl Strawberry
90.6%
Chicago Cubs
Ryne Sandberg
90.6%
Cincinnati Reds
Eric Davis
89.9%
Houston Astros
Glenn Davis
89.9%
Chicago Cubs
Jody Davis
89.8%
San Francisco Giants
Chili Davis
89.8%
Montreal Expos
Andre Dawson
89.7%
New York Mets
Dwight Gooden
88.7%
St. Louis Cardinals
Jack Clark
88.2%
San Francisco Giants
Will Clark
88.1%
New York Mets
Howard Johnson
87.5%
Philadelphia Phillies
Mike Schmidt
86.1%
New York Mets
Lenny Dykstra
85.3%
San Diego Padres
Tony Gwynn
84.9%
Philadelphia Phillies
Glenn Wilson
82.9%
Montreal Expos
Tim Raines
82.7%
St. Louis Cardinals
Willie McGee
82.3%
St. Louis Cardinals
Vince Coleman
77.2%
St. Louis Cardinals
Tom Herr
75.5%
San Diego Padres
Steve Garvey
75.3%
Montreal Expos
Tim Wallach
73.6%
St. Louis Cardinals
Andy Van Slyke
73.5%
Houston Astros
Nolan Ryan
73.3%
Los Angeles Dodgers
Steve Sax
73.3%
Los Angeles Dodgers
Fernando Valenzuela
72.5%
New York Mets
Wally Backman
70.5%
St. Louis Cardinals
Terry Pendleton
68.7%
Atlanta Braves
Bob Horner
67.3%
Cincinnati Reds
Dave Parker
67.2%
Chicago Cubs
Rick Sutcliffe
65.5%
Philadelphia Phillies
Steve Carlton
64.9%
Team
Player
% Correct
Los Angeles Dodgers
Mike Scioscia
64.5%
Philadelphia Phillies
Milt Thompson
64.2%
Montreal Expos
Jason Thompson
64.1%
San Francisco Giants
Robby Thompson
64.1%
Chicago Cubs
Leon Durham
63.9%
Chicago Cubs
Shawon Dunston
62.4%
Pittsburgh Pirates
Tony Pena
61.8%
Cincinnati Reds
Dave Concepcion
60.8%
St. Louis Cardinals
John Tudor
60.5%
San Diego Padres
Garry Templeton
59.9%
Cincinnati Reds
Tracy Jones
59.6%
New York Mets
George Foster
58.7%
New York Mets
Rafael Santana
58.3%
San Francisco Giants
Chris Brown
56%
Philadelphia Phillies
Juan Samuel
56%
Cincinnati Reds
Buddy Bell
55.8%
Philadelphia Phillies
Von Hayes
55.5%
San Diego Padres
Kevin McReynolds
54.7%
Atlanta Braves
Rafael Ramirez
54%
San Diego Padres
Carmelo Martinez
53.5%
Houston Astros
Bill Doran
52.6%
San Diego Padres
Terry Kennedy
52.2%
Los Angeles Dodgers
Mike Marshall
51.9%
Houston Astros
Dickie Thon
50.8%
Cincinnati Reds
Mario Soto
50.2%
Montreal Expos
Hubie Brooks
49.9%
Pittsburgh Pirates
Sid Bream
49.1%
Houston Astros
Kevin Bass
47.7%
Atlanta Braves
Glenn Hubbard
47.3%
Philadelphia Phillies
Darren Daulton
46.4%
Chicago Cubs
Keith Moreland
46.1%
Pittsburgh Pirates
Johnny Ray
45.7%
San Francisco Giants
Jeffery Leonard
44.8%
Pittsburgh Pirates
Rick Reuschel
44.2%
Chicago Cubs
Bob Dernier
44.1%
San Diego Padres
Eric Show
43.2%
Team
Player
% Correct
Los Angeles Dodgers
Bill Madlock
42.9%
Cincinnati Reds
Ron Oester
41.6%
Cincinnati Reds
Bo Diaz
40.8%
Atlanta Braves
Claudell Washington
39.6%
Atlanta Braves
Ken Oberkfell
39.1%
San Diego Padres
Bip Roberts
39%
Pittsburgh Pirates
R.J. Reynolds
38.1%
Atlanta Braves
Rick Mahler
37.5%
San Francisco Giants
Bob Brenly
37%
Los Angeles Dodgers
Mariano Duncan
36.4%
Cincinnati Reds
Nick Esasky
35.7%
Atlanta Braves
Ozzie Virgil
35.6%
Los Angeles Dodgers
Greg Brock
35.4%
San Francisco Giants
Jose Uribe
32.4%
Philadelphia Phillies
Steve Jeltz
31.3%
San Francisco Giants
Mike Krukow
30%
Montreal Expos
Vance Law
29.8%
Los Angeles Dodgers
Ken Landreaux
29.5%
Chicago Cubs
Manny Trillo
26.9%
Houston Astros
Tony Walker
26.3%
Houston Astros
Denny Walling
26.1%
Los Angeles Dodgers
Franklin Stubbs
25.5%
Philadelphia Phillies
Gary Redus
23%
Pittsburgh Pirates
Jim Morrison
21.1%
San Francisco Giants
Dan Gladden
20.7%
Montreal Expos
Mitch Webster
19.4%
Atlanta Braves
Terry Harper
19%
Pittsburgh Pirates
Sam Khalifa
15.7%
Pittsburgh Pirates
Joe Orsulak
13.5%
Houston Astros
Mark Bailey
12.6%
Pittsburgh Pirates
Steve Kemp
11.6%
Montreal Expos
Dann Bilardello
11.3%
Chicago Cubs
Brian Dayett
11.2%
San Diego Padres
Jerry Royster
10.7%
St. Louis Cardinals
Mike Heath
10.5%
Houston Astros
Eric Bullock
4%
Quiz Playlist
Details
Report
Send in Message
Add To Playlist
Classic:
Type in answers that appear in a list
Quiz Source
Last Updated: Feb 16, 2017
Quiz Scoreboard
CHALLENGE
Sign Up to Join the Scoreboard
Show All
Scores
Hide
Comments
May contain spoilers
Recently Published
Holiday 10x10 Sorting Gallery
by lukepisani3
Holiday
15m
Two Season TV Shows II
by 123Four
Television
10m
Image Sorting: Flags VI
by Barbecue
Geography
2m
More to Explore
Quiz From the Vault
Featured Blog Post
14 Easter Pick-up Lines to Find Eggs With
hide this ad
You Might Also Like...
Tags
Baseball Quiz
MLB Quiz
1986
Opening Day Lineups
Player
team
Today's Top Quizzes in Sports
Browse Sports
hide this ad
Today's Top Quizzes in Baseball
Browse Baseball
Top Contributed Quizzes in Sports
1
Les meilleurs buteurs des matchs entre le PSG et l’OM
2
Les entraîneurs de l'OM et du PSG au 21e siècle
3
2022 World Cup Stars
4
Les joueurs passés par le PSG et l'OM
5
Players with Multiple 50 Home Run Seasons
6
FIFA Club World Cup Champions
7
Top 10 NHL Goal Scorers of All Time
8
Les joueurs passés par le LOSC et le RC Lens
9
Criteria MLB: Left Handed Sluggers
10
2023 MLB Unique Player Accomplishments
Explore More
Trending Topics
Anime
Harry Potter
Kpop
Marvel
Disney
Crossword
NBA
Country
WWE
Soccer
NFL
Pokémon
The Office
Song
Puzzle
hide this ad
More By:
pancakes188
Quiz
Plays
Rating
Category
Featured
Created
Real World Cast Members
28,760
3.58
Television
Oct 3, 2009
Ryder Cup Squads 1997-2023
26,676
4.91
Sports
Sep 8, 2010
New York Mets Lineups
6,222
4.19
Sports
Oct 1, 2009
Mad Men Episodes
4,019
5.00
Television
Apr 26, 2011
College Basketball Coaching Resumes
3,912
4.57
Sports
Mar 18, 2016
Go to Creator's Profile
Score Distribution
Quiz Creator Spotlight
pancakes188
Follow
Send a Message
Quizzes Created
-
Created Quiz Play Count
-
More By This Creator
Popular Quizzes Today
1
Find the US States - No Outlines Minefield
2
Colored Red Africa Blitz
3
Find the 'City' Movie
4
The Countries of the World
5
Find the US States
6
5x2 Blitz: Bands
7
Find the Countries of Europe - No Outlines Minefield
8
US States
More Sports Quizzes
Olympic Flag Bearers by Picture
Curator's Pick
Trending Quizzes
Colored Red Europe Blitz I
Colored Red Europe Blitz II
Colored Red Africa Blitz II
Colored Red Europe Blitz III
Colored Red Africa Blitz III
Recently Updated
Odd Team Out - Big 4 Players
pecheneg
Quick Pick: 20 Twenties
pecheneg
March Madness Men's Triple Doubles
pecheneg
How Do You Spell That?
pecheneg
Godzilla Movies
pecheneg
Grab Bag: 4-10 Letters
pecheneg
2024 March Madness Bracket
pecheneg
Famous TV Couples
Peacemaker
Champions League XIs: Real Madrid
pecheneg
Largest US Cities 1790-2010
pecheneg
Trending Topics
Marvel
NBA
Harry Potter
Kpop
Crossword
Disney
Anime
Song
The Office
WWE
Country
Pokémon
Puzzle
NFL
Soccer
Your Account Isn't Verified!
In order to create a playlist on Sporcle, you need to verify the email address you used during registration. Go to your
Sporcle Settings
to finish the process.
Report this User
Report this user for behavior that violates our
Community Guidelines
.
Details:
Send Report
Go to the Sporcle.com Mobile Site →
Comments